A mala mágica da Filó (Record no. 12841)

MARC details
000 -LÍDER
campo de controle de tamanho fixo 00578 a2200217 4500
001 - NÚMERO DE CONTROLE
campo de controle 12841
003 - IDENTIFICADOR DO NÚMERO DE CONTROLE
campo de controle OSt
005 - DATA E HORÁRIO DA ÚLTIMA TRANSAÇÃO
campo de controle 20240208133154.0
008 - CAMPO DE DADOS FIXOS--INFORMAÇÃO GERAL
campo de controle de tamanho fixo 240208b |||||||| |||| 00| 0 POR d
020 ## - ISBN - INTERNATIONAL STANDARD BOOK NUMBER
ISBN - International Standard Book Number 9788564898189
040 ## - FONTE DA CATALOGAÇÃO
Instituição da catalogação original BR-BrIDEA
Instituição que transcreveu o registro BR-BrIDEA
041 ## - CÓDIGO DE IDIOMA
Código do idioma do texto/trilha sonora ou título diferente por
082 ## - CDD - CLASSIFICAÇÃO DECIMAL DE DEWEY
Número de Classificação Year 1 028
090 ## - NÚMERO DE CHAMADA LOCAL
Número de chamada (OCLC) (R); Número de chamada, CALL (RLIN) (NR) Year 1 028
Número Cutter local (OCLC); Número de classificação do livro, CALL (RLIN) CAR
100 ## - ENTRADA PRINCIPAL--NOME PESSOAL
Nome pessoal Carreira, Débora Bianca Xavier.
245 10 - TÍTULO
Título A mala mágica da Filó
Indicação de responsabilidade, etc. Débora Bianca Xavier Carreira
260 ## - PUBLICAÇÃO, DISTRIBUIÇÃO, ETC.
Local de publicação, distribuição, etc. Brasilia
Nome do editor, distribuidor, etc. Ler
Data da publicação, distribuição, etc. 2012
697 ## - ENTRADA DE ASSUNTO LOCAL--ENTIDADE COLETIVA (RLIN)
Nome corporativo ou nome da jurisdição Literatura infantojuvenil.
856 ## - LOCALIZAÇÃO ELETRÔNICA E ACESSO
Uniform Resource Identifier <a href="000008/0000081c.jpg">000008/0000081c.jpg</a>
942 ## - ELEMENTOS DE ENTRADA ADICIONADOS (KOHA)
Tipo de material Koha Livros
Fonte da classificação ou esquema de arquivamento na estante
Holdings
Situação do descarte Situação das perdas Situação física Não pode ser emprestado Biblioteca de origem Biblioteca atual Data de aquisição Total de empréstimos Número de chamada completo Código de barras Data de último acesso Data do preço efetivo Tipo de material Koha Fonte da classificação ou esquema de arquivamento na estante Data do último empréstimo Devolução em
        Colégio Anchieta - Aquarius Colégio Anchieta - Aquarius 21/11/2023   LI 028.5 CAR MAL 4172/AQU 21/11/2023 21/11/2023 Livros      
        Colégio Anchieta - Bela Vista Colégio Anchieta - Bela Vista 21/11/2023   LI 028.5 C314m CAR MAL 3842/BEL 21/11/2023 21/11/2023 Livros      
        Colégio São Paulo Colégio São Paulo 21/11/2023   LI 028.5 CAR MAL 3563/ITA 21/11/2023 21/11/2023 Livros      
        ECB - SUDOESTE ECB - SUDOESTE 26/11/2015   Year 1 028 00017651SSW 23/01/2024 23/01/2024 Livros Classificação Decimal de Dewey    
        ECB - SUDOESTE ECB - SUDOESTE 26/11/2015 2 Year 1 028 00017649SSW 07/06/2024 23/01/2024 Livros Classificação Decimal de Dewey 07/06/2024 06/08/2024
        ECB - SUDOESTE ECB - SUDOESTE 26/11/2015 1 Year 1 028 00017650SSW 04/04/2024 23/01/2024 Livros Classificação Decimal de Dewey 04/04/2024  
        ECB - ÁGUAS CLARAS ECB - ÁGUAS CLARAS 01/12/2015 1 A Year 1 028 CAR 00017675AGC 31/07/2024 23/01/2024 Livros Classificação Decimal de Dewey 24/01/2024  
        ECB - ÁGUAS CLARAS ECB - ÁGUAS CLARAS 24/06/2016   A Year 1 028 CAR 00024286AGC 23/01/2024 23/01/2024 Livros Classificação Decimal de Dewey